00727nam a2200205 a 450000100100000000500170001000800410002702000150006804000250008308200150010810000230012324000250014624500930017126000440026430000210030870000320032970000300036195201130039199900170050400003143220200930062927.0110622s2002 sp 001 0 spa d a8448133706 aDO-SdBNPbspacBNPHU axxxxbxxxx1 aBruce, Anne95783710aMotivating employees10aTenga a su equipo motivado /cAnne Bruce, James S. Pepitone; traducción, Betty Trabal. aMadrid, España :bMcGraw-Hill,c2002. a192 p. ;c21 cm.1 aTrabal, Bettyetrad.9578381 aPepitone, James S.957839 001050718MOaPDbPDcCTd2011-06-22iLF1l0oxxxx xxxxp31432-10r2020-06-25w2020-06-25y1ZNo se presta c30924d30924